00867 2200289 4500001002100000005001700021008004100038020001800079035002400097090001700121100001900138245016600157250001100323260002900334300003000363500003100393500001100424650003000435700001500465700002200480850001500502980001500517985000600532986000900538999001500547999001500562YOGYA-0209000000228820090227020523.0 ind  a979-669-970-2 0010-020900000002288 a158.1bSto A aSTOLTZ, Paul G aAdversity quotientbturning obstacles into opportunities = mengubah hambatan menjadi peluangcPaul G. Stoltz ; alih bahasa, T. Hermaya ; editor, Yovita Hardiwati aCet. 5 aJakartambGrasindoc2004 axiv, 430 hlmbilusc23 cm aBibliografi : hlm. 409-420 aIndeks aSukses - aspek psikologis aHermaya, T aHardiwati, Yovita aYOPDYOG[B] a01-02-2005 a2 aSofi a04B0002377 a04B0002378